| 000 | 00509cam a2200145 4500500 | ||
|---|---|---|---|
| 005 | 20260208002413.0 | ||
| 041 | _afre | ||
| 042 | _adc | ||
| 100 | 1 | 0 |
_aGiafferi-Dombre, Natacha _eauthor |
| 245 | 0 | 0 | _aClaude Fintz, ed., Le Corps comme lieu de métissages, Paris, L’Harmattan, 2003, 405 p. |
| 260 | _c2008. | ||
| 500 | _a99 | ||
| 786 | 0 | _nL'Homme | 185-186 | 1 | 2008-06-01 | p. 495f-540f | 0439-4216 | |
| 856 | 4 | 1 | _uhttps://shs.cairn.info/revue-l-homme-2008-1-page-495f?lang=fr&redirect-ssocas=7080 |
| 999 |
_c1646180 _d1646180 |
||